|
|
|
|
| LEADER |
00000nmm0a2200000 4500 |
| 001 |
181987 |
| 005 |
20231031171158.0 |
| 010 |
|
|
|a 0194362477
|
| 035 |
|
|
|a (RuTPU)RU\TPU\book\197269
|
| 035 |
|
|
|a RU\TPU\book\197264
|
| 090 |
|
|
|a 181987
|
| 100 |
|
|
|a 20100615d2001 m y0engy50 ba
|
| 101 |
0 |
|
|a eng
|
| 102 |
|
|
|a GB
|
| 105 |
|
|
|a y j 000zy
|
| 200 |
1 |
|
|a New Headway. Pronunciation Course. Upper-Intermediate
|f B. Bowler, S. Cunningham
|
| 210 |
|
|
|a Oxford
|c Oxford University Press
|d 2001
|
| 215 |
|
|
|a 64 p.
|e Приложение: кассета.
|
| 225 |
1 |
|
|a Oxford English
|
| 610 |
1 |
|
|a английский язык
|
| 610 |
1 |
|
|a учебные пособия
|
| 610 |
1 |
|
|a кассеты
|
| 610 |
1 |
|
|a фонетика
|
| 686 |
|
|
|a Ш143.21-923.1
|v LBC/SL-A
|2 rubbk
|
| 700 |
|
1 |
|a Bowler
|b B.
|g Bill
|
| 701 |
|
1 |
|a Cunningham
|b S.
|g Sarah
|
| 801 |
|
0 |
|a RU
|b 63413507
|c 20011209
|g PSBO
|
| 801 |
|
2 |
|a RU
|b 63413507
|c 20221208
|g PSBO
|
| 942 |
|
|
|c MX
|